|
|
|
|
| LEADER |
00000nam0a2200000 4500 |
| 001 |
97186 |
| 005 |
20231031110816.0 |
| 035 |
|
|
|a (RuTPU)RU\TPU\book\104181
|
| 090 |
|
|
|a 97186
|
| 100 |
|
|
|a 20060524d1994 ekmy0rusy50 ca
|
| 101 |
0 |
|
|a rus
|
| 102 |
|
|
|a RU
|
| 105 |
|
|
|a y a 011zb
|
| 200 |
1 |
|
|a Макушин Петр Иванович
|e библиографический указатель, хроника жизни и деятельности, библиография
|e к 150-летию со дня рождения
|f Томская областная научная библиотека имени А. С. Пушкина; сост. Н. М. Дмитриенко, О. Г. Никиенко, Л. С. Траксель, Т. Д. Баймлер; под ред. Н. М. Дмитриенко
|
| 210 |
|
|
|a Томск
|c [Б. и.]
|d 1994
|
| 215 |
|
|
|a 84 с.
|
| 320 |
|
|
|a Указ. в конце кн.: с. 77-82
|
| 600 |
|
1 |
|a Макушин
|g Петр Иванович
|b П. И.
|f 1844-1926
|c российский общественный деятель
|c сибирский просветитель
|c издатель
|c редактор
|c публицист
|2 stltpui
|3 (RuTPU)RU\TPU\pers\734
|
| 610 |
1 |
|
|a библиографические указатели
|
| 686 |
|
|
|a Я19:Ч7
|v LBC/SL-A
|2 rubbk
|
| 686 |
|
|
|a Ч71
|v LBC/SL-A
|2 rubbk
|
| 702 |
|
1 |
|a Дмитриенко
|b Н. М.
|4 220
|
| 702 |
|
1 |
|a Никиенко
|b О. Г.
|4 220
|
| 702 |
|
1 |
|a Траксель
|b Л. С.
|4 220
|
| 702 |
|
1 |
|a Баймлер
|b Т. Д.
|4 220
|
| 702 |
|
1 |
|a Дмитриенко
|b Н. М.
|4 340
|
| 712 |
0 |
2 |
|a Томская областная научная библиотека имени А. С. Пушкина
|
| 801 |
|
1 |
|a RU
|b 63413507
|c 20060524
|g PSBO
|
| 801 |
|
2 |
|a RU
|b 63413507
|c 20141203
|g PSBO
|
| 942 |
|
|
|c BK
|